000
00222nam a22001217a 4500
040
_c
SK
082
_a
658
100
_a
NA
245
_a
Project management
260
_a
NA
_b
សុក
_c
NA
300
_a
263p.
942
_c
EK
999
_c
9954
_d
9954